000 00530nam a2200193Ia 4500
005 20250326143512.0
008 250326s9999 xx 000 0 und d
037 _aTextbook
040 _aFMSL
_beng
_cFMSL
041 _aeng
_2eng
084 _aX:512 P5
_qFMSL
100 _aBerman B
_9735246
245 0 _aRetail management : strategic approach
_cBerman B; Evans J R
250 _a8
260 _aDelhi
_bDelhi, Pearson Education
_c2005
300 _a801p
942 _cTB
_hX:512 P5
999 _c1299838
_d1299838